000 00894nam a22002297a 4500
008 091105t xxu||||| |||| 00| 0 eng d
010 _aB-360052
020 _a9780070249073
_c450-00
035 _aB-360052
037 _aUBH
_bRP/CL/E;20/90/21-10-09/24-10-09/30-10-09
040 _adpl
_beng
082 _a332.6
100 _aChandra,Prasanna
_953675
245 _aInvestment Analysis and Portfolio Management
_cby Prasanna Chandra
250 _a3ed
260 _aNew Delhi
_bTata McGraw Hill Publishing
_c2009
270 _a7 West Patel Nagar
_bNew Delhi
_e110008
300 _axi,733pg
_b24cm
942 _2ddc
_cEN
_h332.6
_mCHA
999 _c31403
_d31403